00814nam a22002297i 4500001000700000003000900007005001700016007000300033008004100036080002100077100002700098245006900125260004100194300002100235500001800256500002600274504003200300651005900332852005200391999001900443952012200462105709ES-MaACL20230906183944.0t|060809s1960 mx |||| |dspa d a94(460)"1931/39"1 aAlba, Víctor.91919810aHistoria de la Segunda República Española / cVíctor Alba. aMéxico, D.F : bLibro Mex, c1960. a411 p ; c20 cm. aCronología. aÍndice analítico. aBibliografía: p. 389-395. 4aEspaña-xHistoria-y1931-1939, II República.98283 aES-MaACLjAND-525 z. - Biblioteca Juan Andrade c105709d105709 00104070aATENEOMbATENEOMcDEPO2d2008-01-17eSCl0oAND-525p1110361r2023-02-23 00:00:00w2023-02-23yMONOGRAFIA